000 00798 a2200229 4500
005 20100810101119.0
010 _aENG-99288
020 _c92.00
035 _aEN-82820
037 _bDBAD/PUB
082 _a001.64
100 _aSelvagopal, P.
_910066
245 _aData structures and algorithms /
_cby P. Selvagopal
260 _aNagercoil
_bI. T. Publications
_c2005
270 _a63 A/3 Ganapathi Nagar, Chettikulam, K. K. Dist, Tamilnadu
_bNagercoil
_e2
300 _averious pegings
_c22cm.(Pbk)
650 _aData structure
_910067
650 _aComputer algorithms
_910068
700 _99757
942 _adpl
_cEN
_2ddc
_mSEL
_h001.64
999 _c40635
_d40635